[Event "Buenos Aires Finde Largo op 2nd"]
[Site "Buenos Aires"]
[Date "2018.10.14"]
[Round "4.10"]
[White "Mechedze, Jeronimo"]
[Black "Leiva, Juan1111"]
[Result "1-0"]
[WhiteElo "1862"]
[BlackElo "1707"]
[PlyCount "65"]
[EventDate "2018.10.13"]
[EventType "swiss"]
[EventRounds "6"]
[EventCountry "ARG"]
[SourceTitle "EXT 2024"]
[Source "ChessBase"]
[SourceDate "2023.10.10"]
[SourceVersion "1"]
[SourceVersionDate "2023.10.10"]
[SourceQuality "1"]

1. d4 b6 2. c4 Bb7 3. d5 g6 4. Bd2 Bg7 5. Bc3 Nf6 6. Nd2 0-0 7. e4 d6 8. Bd3 Nbd7 9. Ne2 Nc5 10. Qc2 a5 11. 0-0 e6 12. Nb3 Nxd3 13. Qxd3 exd5 14. exd5 Re8 15. Nbd4 Ne4 16. Be1 Nc5 17. Qc2 Qe7 18. Rd1 Qe4 19. Qxe4 Rxe4 20. f3 Ree8 21. b3 Bf6 22. Nc3 Re7 23. Ncb5 Rae8 24. Bg3 Re3 25. Nxc7 Rc8 26. Ncb5 Nd3 27. Nxd6 Bxd4 28. Nxb7 Rxf3+ 29. Kh1 Rxg3 30. hxg3 Nf2+ 31. Rxf2 Bxf2 32. d6 Bxg3 33. d7 1-0